01864nam a2200373 a 4500001001000000003000900010005001700019007001000036008004100046020001900087040002200106092002500128245018100153260003200334300004300366490001800409505023300427650004600660650002500706650004500731700003200776700001800808700003000826830001800856910003700874930004000911942001200951952013900963952014601102952014601248956004101394956004001435999001501475000038917DO-SdBNP20160330125610.0000038917150130s2012 dr acd 000 0 spa d a9789945173765  aBPMSUbspacBPMSU a372.83 C569s, 2do.00aCiencias sociales :beducación básica /ccolaboración Pilar Vacas ... [et. al.]; dirección editorial Doris Arroba Jácome, coordinación editorial Anna Rogero Soler  aSanto Domingo :bSM,c2012. a151p. :bil., retrs., mapas ;c29 cm.1 aProyecto Sé0 tMis primeros grupos --tUnidos en comunidad --tLos recursos naturales --tTodas trabajamos --t¡ Vámonos de viajes! --tMe comunico --tDescanso y diversión --tHay un país en el mundo --tEl gobierno de mi país -- 4aCIENCIAS SOCIALES xENSEÑANZA ELEMENTAL 4aEDUCACIÓN PRIMARIA 4aCIENCIAS SOCIALES xESTUDIO Y EJERCICIOS12aArroba Jácome, Doriseed.12aVacas, Pilar.12aAnna Rogero Soler ; eed. 0aProyecto Sé aValidado. Control de calidad MFF 1lBND01mLF1820130506f01pHDg36709 2ddccBK 00102ddc40708ESCaBPMETbBPMETd2016-03-30eDepósito Legall0o372.83 C569s 2do.pBPMSU16030328r2016-03-30w2016-03-30yBK 00102ddc40708ESCaBPMETbBPMETd2016-03-30eDepósito Legall0o372.83 C569s 2do.pBPMSU16030329r2016-03-30tej. 2w2016-03-30yBK 00102ddc40708ESCaBPMETbBPMETd2016-03-30eDepósito Legall0o372.83 C569s 2do.pBPMSU16030330r2016-03-30tej. 3w2016-03-30yBK aYLOCKWARDb10c20150603lBND01h1156 aVMATEOb10c20150605lBMET02h00151 c9425d9425